| 000 | 00444nam a22001337a 4500 | ||
|---|---|---|---|
| 008 | 210811b ||||| |||| 00| 0 eng d | ||
| 082 | _aBSC.ENV CAP NO.47 | ||
| 100 | _aSeldon, Dechen | ||
| 245 | _aBiomedical waste : A study of knowledge, attitude and practices( KAP) among the health care personal in Thimphu City | ||
| 260 |
_aThimphu : _bRoyal Thimphu College, _c2021. |
||
| 300 |
_avi, 39 p. _c29 cm. |
||
| 650 | _astudent work | ||
| 942 | _2ddc | ||
| 999 |
_c8814 _d8815 |
||